El mercado internacional de tecnología : (Record no. 102408)

MARC details
000 -LEADER
campo de control de longitud fija 00985nam a2200277 i 4500
001 - NÚMERO DE CONTROL
campo de control 102408
003 - IDENTIFICADOR DE NÚMERO DE CONTROL
campo de control ES-MaACL
005 - FECHA Y HORA DE LA ÚLTIMA TRANSACCIÓN
campo de control 20230906183114.0
007 - CAMPO FIJO DE DESCRIPCIÓN FÍSICA--INFORMACIÓN GENERAL
campo de control de longitud fija t|
008 - DATOS DE LONGITUD FIJA--INFORMACIÓN GENERAL
campo de control de longitud fija 051110s1984 sp 10110 spa d
020 ## - NÚMERO INTERNACIONAL ESTÁNDAR DEL LIBRO
Número Internacional Estándar del Libro 84-86094-05-4
080 ## - NÚMERO DE LA CLASIFICACIÓN DECIMAL UNIVERSAL
Número de la Clasificación Decimal Universal 347.77.043(460)
080 ## - NÚMERO DE LA CLASIFICACIÓN DECIMAL UNIVERSAL
Número de la Clasificación Decimal Universal 351.824.1(460)
245 03 - MENCIÓN DEL TÍTULO
Título El mercado internacional de tecnología :
Resto del título [jornadas sobre] Transferencia Tecnológica en Electrónica, Informática y Telecomunicación /
Mención de responsabilidad, etc. edición de Eugenio Triana y Jesús Galván.
260 ## - PUBLICACIÓN, DISTRIBUCIÓN, ETC.
Lugar de publicación, distribución, etc. Madrid :
Nombre del editor, distribuidor, etc. Fundesco,
Fecha de publicación, distribución, etc. 1984.
300 ## - DESCRIPCIÓN FÍSICA
Extensión 123 p. ;
Dimensiones 28 cm.
490 1# - MENCIÓN DE SERIE
Mención de serie Informes
650 #4 - PUNTO DE ACCESO ADICIONAL DE MATERIA--TÉRMINO DE MATERIA
Término de materia o nombre geográfico como elemento de entrada Transferencia de tecnología.
9 (RLIN) 175566
700 1# - ENTRADA AGREGADA--NOMBRE PERSONAL
Nombre de persona Triana, Eugenio.
9 (RLIN) 111364
700 1# - ENTRADA AGREGADA--NOMBRE PERSONAL
Nombre de persona Galván, Jesús.
9 (RLIN) 53687
710 2# - ENTRADA AGREGADA--NOMBRE DE ENTIDAD CORPORATIVA
Nombre de entidad corporativa o nombre de jurisdicción como elemento de entrada FUNDESCO.
9 (RLIN) 4438
711 2# - ENTRADA AGREGADA--NOMBRE DE REUNIÓN
Nombre de congreso/reunión o jurisdicción como elemento de entrada Jornadas sobre Transferencia Tecnológica en Electrónica, Informática y Telecomunicación (
Fecha del congreso o de la firma del tratado 1984.
Sede del congreso/Lugar de la reunión Madrid)
9 (RLIN) 894
830 1# - PUNTO DE ACCESO ADICIONAL DE SERIE-TÍTULO UNIFORME
Título uniforme Informes
9 (RLIN) 182704
852 4# - LOCALIZACIÓN
Ubicación ES-MaACL
Número de control de estantería L-7254
Holdings
Estatus retirado Estado de pérdida Estado de daño No para préstamo Biblioteca de origen Biblioteca actual Ubicación en estantería Fecha de adquisición Fuente de adquisición Total de préstamos Signatura topográfica completa Código de barras Visto por última vez Precio de reemplazo Tipo de ítem Koha
        Biblioteca del Ateneo de Madrid Biblioteca del Ateneo de Madrid Depósito 2 17/01/2008     L-7254 1106902 23/02/2023 23/02/2023 Libro impreso